| 000 | 00000nam##2200000za#4500 |
| 001 | 9.644287 |
| 003 | CaOODSP |
| 005 | 20210624224554 |
| 007 | cr ||||||||||| |
| 008 | 150407|1965||||xxc|||||o f|0| 0 fre|d |
| 040 | |aCaOODSP|bfre |
| 043 | |an-cn--- |
| 086 | 1 |aA53-849/1965F-PDF |
| 110 | 1 |aCanada.|bAgriculture Canada. |bService de l'information. |
| 245 | 10|aPruniers pour les régions de l'Est du Canada / |h[ressource électronique]|c[par] D.S. Blair. |
| 260 | |aOttawa - Ontario : |bAgriculture Canada. |cc1965. |
| 300 | |a16p.|bill. |
| 500 | |aPublication historique numérisée par Agriculture et Agroalimentaire Canada. |
| 590 | |a15-03-Supp|b2015-03-13 |
| 720 | 1 |aBlair, D. S. |
| 775 | 08|tPlums for cold areas of Eastern Canada / |w(CaOODSP)9.700393 |
| 856 | 40|ahttp://publications.gc.ca|qPDF|s1621 Ko|uhttps://publications.gc.ca/collections/collection_2015/aac-aafc/A53-849-1965-fra.pdf |
| 986 | |aPublication 849 |